An introduction to Markov processes
Saved in:
| Main Author: | |
|---|---|
| Format: | Book |
| Language: | English |
| Published: |
Berlin ; New York :
Springer,
c2005
|
| Series: | Graduate texts in mathematics ;
; 230 |
| Subjects: | |
| Tags: |
Add Tag
No Tags, Be the first to tag this record!
|
MARC
| LEADER | 00000nam a2200000 i 4500 | ||
|---|---|---|---|
| 001 | 1/71591 | ||
| 008 | 080121s2005 eng d | ||
| 020 | |a 3-540-23499-3 (pbk.) | ||
| 020 | |a 3-540-23451-9 | ||
| 035 | |l 10093941 | ||
| 040 | |a GR-MY-UA |b gre |e aacr | ||
| 041 | 0 | |a eng | |
| 082 | 0 | |a 519.233 |2 (22) | |
| 100 | 1 | |a Stroock, Daniel W. | |
| 245 | 1 | 3 | |a An introduction to Markov processes / |c Daniel W. Stroock |
| 260 | |a Berlin ; New York : |b Springer, |c c2005 | ||
| 300 | |a xiv, 171 σ.; |c 25 εκ. | ||
| 490 | 1 | |a Graduate texts in mathematics |v ; 230 | |
| 504 | |a Περιέχει βιβλιογραφικές παραπομπές (σ. 168) και ευρετήριο. | ||
| 650 | 0 | 0 | |a Markov processes. |
| 650 | 0 | 0 | |a Probalities. |
| 830 | 0 | |a Graduate texts in mathematics ; |v ; 230 | |
| 852 | |a INST |b LESVOS |e 20080808 |h 519.233 STR |p 005100041966 |q 005100041966 |t BK |y 0 | ||
| 852 | |a INST |b SAMOS |e 20080121 |h 519.233 STR |p 005300027255 |q 005300027255 |t BK |y 0 | ||
| 901 | |a BIBL3-2008-1 | ||
| 901 | |a BIBL1-2008-2 | ||
| 909 | |a Σ |b 143442 | ||
| 909 | |a Λ |b 143523 | ||
| 922 | |a 3ΕΛΗ |b 200712 |c ΕΠΕΑΕΚ2/ΤΜΗΜΑ ΜΑΘΗΜΑΤΙΚΩΝ |d ΕΛΕΥΘΕΡΟΥΔΑΚΗΣ | ||
| 922 | |a 1ΕΛΗ |b 200712 |c ΕΠΕΑΕΚ2/ΤΕΘ |d ΕΛΕΥΘΕΡΟΥΔΑΚΗΣ | ||
| 970 | |a ΣΙΤΖΙΜΗ |b ΓΙΑΣΕΜΗ |z 2008/01/21 | ||